Catálogo
 En Linea

Memorias del Centro Mujer y Participación CEDEMUR 1997-2005 : (Registro nro. 387)

Detalles MARC
000 -CABECERA
campo de control de longitud fija 01214nam a2200229 a 4500
001 - NÚMERO DE CONTROL
campo de control 000000388
005 - FECHA Y HORA DE LA ÚLTIMA TRANSACCIÓN
campo de control 20200929145333.0
008 - DATOS DE LONGITUD FIJA--INFORMACIÓN GENERAL
campo de control de longitud fija 090130s2006 dr abc r 001 0 spa d
040 ## - FUENTE DE LA CATALOGACIÓN
Centro catalogador/agencia de origen DO-SdBNP
Lengua de catalogación spa
Centro/agencia transcriptor BNPHU
082 ## - NÚMERO DE LA CLASIFICACIÓN DECIMAL DEWEY
Número de clasificación 305.42
Número de documento/Ítem C397m
110 2# - ENTRADA PRINCIPAL--NOMBRE DE ENTIDAD CORPORATIVA
Nombre de entidad corporativa o nombre de jurisdicción como elemento de entrada Centro Mujer y Participación (República Dominicana)
9 (RLIN) 1294
245 10 - MENCIÓN DE TÍTULO
Título Memorias del Centro Mujer y Participación CEDEMUR 1997-2005 :
Resto del título una nueva mirada de la mujer ocoeña.
260 ## - PUBLICACIÓN, DISTRIBUCIÓN, ETC.
Lugar de publicación, distribución, etc. San José de Ocoa, República Dominicana :
Nombre del editor, distribuidor, etc. CEDEMUR,
Fecha de publicación, distribución, etc. 2006.
300 ## - DESCRIPCIÓN FÍSICA
Extensión 93 p. :
Otras características físicas il., map. , retrs. ;
Dimensiones 22 cm.
505 0# - NOTA DE CONTENIDO CON FORMATO
Título Palabras de la presidenta --
-- Datos históricos --
-- Resumen de la coordinación, mujer ocoeña / organización y desarrollo comunitario 1997-2005 --
-- Organización / capacitación -- Iniciativas productivas dirigidas a mujeres organizadas -- Área financiera.
590 ## - NOTA LOCAL (RLIN)
Nota local Inventariado, 2018/MFF
610 24 - PUNTO DE ACCESO ADICIONAL DE MATERIA--NOMBRE DE ENTIDAD CORPORATIVA
Nombre de entidad corporativa o nombre de jurisdicción como elemento de entrada CENTRO MUJER Y PARTICIPACIÓN (REPÚBLICA DOMINICANA)
9 (RLIN) 1295
650 #4 - PUNTO DE ACCESO ADICIONAL DE MATERIA--TÉRMINO DE MATERIA
Término de materia o nombre geográfico como elemento de entrada Mujeres
Subdivisión general Condiciones sociales
Subdivisión cronológica 1997-2005
9 (RLIN) 1296
650 #4 - PUNTO DE ACCESO ADICIONAL DE MATERIA--TÉRMINO DE MATERIA
Término de materia o nombre geográfico como elemento de entrada Mujeres en la organización de la comunidad
Subdivisión cronológica 1997-2005
9 (RLIN) 1297
650 #4 - PUNTO DE ACCESO ADICIONAL DE MATERIA--TÉRMINO DE MATERIA
Término de materia o nombre geográfico como elemento de entrada Mujeres en república dominicana
Subdivisión general Condiciones sociales
Subdivisión cronológica 1997-2005
9 (RLIN) 1298
910 ## - DATOS DE OPCIÓN DEL USUARIO (OCLC)
Datos de opción del usuario Validado. Control de calidad MFF
Existencias
Estado de retiro Estado de pérdida Restricciones de uso No para préstamo Código de colección Localización permanente Ubicación/localización actual Ubicación en estantería Fecha de adquisición Número de inventario Total de préstamos Signatura topográfica completa Código de barras Fecha visto por última vez Número de copia Precio válido a partir de Tipo de ítem Koha
      Préstamo en sala Dominicana de Servicio Biblioteca Nacional Pedro Henríquez Ureña Biblioteca Nacional Pedro Henríquez Ureña Depósito 24.07.2009 LF1   305.42 C397m 388-30 25.06.2020 e. 3 25.06.2020 Libros y folletos
      Préstamo restrigido Patrimonio Dominicano Biblioteca Nacional Pedro Henríquez Ureña Biblioteca Nacional Pedro Henríquez Ureña Depósito 24.07.2009 LF1   305.42 C397m 388-10 25.06.2020   25.06.2020 Libros y folletos
      Préstamo restrigido Patrimonio Dominicano Biblioteca Nacional Pedro Henríquez Ureña Biblioteca Nacional Pedro Henríquez Ureña Depósito 24.07.2009 LF1   305.42 C397m 388-20 25.06.2020 e. 2 25.06.2020 Libros y folletos

Con tecnología Koha